000 00321 a2200121 4500
001 90785
082 _a823.8 CON
090 _c42958
_d42958
100 _aConan Doyle Arthur
245 _aThe Case book of sherlock holmes
_cArthur Conan Doyle
260 _aNew York
_bBantam Classic
_c1986
500 _aGeneral Collection
942 _aCAE NUST
_k823.8 CON
999 _c325858
_d325858